[Event "FRA-ch U12"]
[Site "Aix les Bains"]
[Date "2009.04.19"]
[Round "1"]
[White "Steyer Striby, Alexis"]
[Black "Lamard, Guillaume"]
[Result "0-1"]
[WhiteElo "1590"]
[BlackElo "2113"]
[PlyCount "72"]
[EventDate "2009.04.19"]
[EventType "swiss"]
[EventRounds "9"]
[EventCountry "FRA"]
[SourceTitle "CBM 130 Extra"]
[Source "ChessBase"]
[SourceDate "2009.07.02"]
[SourceVersion "2"]
[SourceVersionDate "2009.07.15"]
[SourceQuality "1"]

1. Nf3 c5 2. g3 Nf6 3. Bg2 e6 4. c4 Nc6 5. d4 d5 6. cxd5 exd5 7. dxc5 Bxc5 8. Bg5 h6 9. Bxf6 Qxf6 10. Nc3 d4 11. Ne4 Bb4+ 12. Nfd2 Qe7 13. 0-0 f5 14. a3 Ba5 15. Nc4 fxe4 16. Nxa5 Nxa5 17. Qxd4 Nc6 18. Qa4 Bf5 19. f3 exf3 20. exf3 0-0 21. f4 Qc5+ 22. Kh1 Bc2 23. b4 Qc4 24. Rfc1 Bxa4 25. Rxc4 Rad8 26. Bf3 Rfe8 27. Kg2 Rd2+ 28. Kh3 Re3 29. Bh5 Rdd3 30. Bg6 Rd6 31. Be4 Bb3 32. Bxc6 Bxc4 33. Bxb7 Rd2 34. a4 Be6+ 35. f5 Bxf5+ 36. Kh4 Rxh2# 0-1